000 00285nam a22001337a 4500
008 170803b xxu||||| |||| 00| 0 eng d
020 _a9780789739803
041 _aeng
080 _a004
100 _a32
101 _aSHK
245 _aEXPRESSION WEB 3
_cJOHNSON,S
942 _2udc
_cBK
999 _c22589
_d22589